原神所有地方特产(更新至4.5) - Statistics

General Stats
  • This quiz has been taken 149 times
  • The average score is 17 of 43
Answer Stats
Hint Answer % Correct
蒙德 蒲公英籽
76%
璃月 石珀
70%
蒙德 风车菊
69%
蒙德 钩钩果
61%
蒙德 落落莓
61%
蒙德 塞西莉亚花
61%
蒙德 小灯草
60%
璃月 清心
58%
稻妻 鸣草
57%
蒙德 慕风蘑菇
54%
璃月 琉璃袋
54%
璃月 霓裳花
51%
稻妻 鬼兜虫
50%
蒙德 嘟嘟莲
49%
稻妻 绯樱绣球
48%
稻妻 天云草实
48%
璃月 绝云椒椒
47%
璃月 琉璃百合
47%
璃月 星螺
45%
稻妻 海灵芝
43%
璃月 夜泊石
42%
须弥 树王圣体菇
34%
须弥 月莲
33%
须弥 劫波莲
33%
稻妻 珊瑚真珠
30%
须弥 圣金虫
29%
稻妻 血斛
28%
枫丹 幽光星星
27%
枫丹 虹彩蔷薇
25%
稻妻 幽灯蕈
24%
枫丹 海露花
24%
稻妻 晶化骨髓
21%
须弥 沙脂蛹
21%
枫丹 苍晶螺
21%
枫丹 湖光铃兰
21%
枫丹 子探测单元
21%
璃月 清水玉
20%
枫丹 柔灯铃
20%
须弥 悼灵花
18%
须弥 赤念果
17%
须弥 帕蒂莎兰
15%
枫丹 初露之源
15%
须弥 万相石
13%
No matching quizzes found
Score Distribution
Percent of People with Each Score
Percentile by Number Answered
Your Score History
You have not taken this quiz